00401 a2200097 450000100060000008200120000610000640001824501640008226000340024650000230028091267 aPR 1200 aAsif Sultan Ch.; Prof shakeel and Khalid Pervaiz (Advisors) aTo Design and Fabricate an Apparatus for Studying the relationship between Gyroscope Torque, Speed of Rotation and Rate of Precession of a Gyroscopen43 "A" EC aKarachibNED Universityc1995 aBE Project Reports